[Event "9th Nana Aleksandria Cup"]
[Site "Poti GEO"]
[Date "2014.07.19"]
[Round "8.20"]
[White "Gavasheli, Ana"]
[Black "Siradze, Salome"]
[Result "1-0"]
[WhiteTitle "WIM"]
[WhiteElo "2135"]
[BlackElo "2065"]
[WhiteFideId "13602586"]
[BlackFideId "13603973"]
[EventDate "2014.07.13"]

1. c4 Nf6 2. g3 g6 3. Bg2 Bg7 4. Nc3 d6 5. d3 O-O 6. e4 c5 7. h4 h5 8. Bg5 Nc6
9. Nge2 a6 10. Qd2 Rb8 11. Bh6 b5 12. Bxg7 Kxg7 13. O-O bxc4 14. dxc4 e5 15. f4
Nd4 16. fxe5 dxe5 17. Nd5 Nxd5 18. exd5 Bg4 19. Nxd4 exd4 20. Rae1 Qd6 21. Kh2
Rbe8 22. b4 f5 23. Rf4 Rxe1 24. Qxe1 cxb4 25. Qd2 Re8 26. Qxd4+ Qe5 27. d6 Qxd4
28. Rxd4 f4 29. gxf4 Bd7 30. c5 Re2 31. Kg3 Rxa2 32. Rxb4 Ra3+ 33. Kh2 Kf6 34.
c6 Bxc6 35. Bxc6 Rd3 36. d7 Ke7 37. Re4+ Kd8 38. Re8+ Kc7 39. Rc8+ 1-0

[Event "9th Nana Aleksandria Cup"]
[Site "Poti GEO"]
[Date "2014.07.20"]
[Round "9.1"]
[White "Hayrapetyan, Hovik"]
[Black "Babujian, Levon"]
[Result "1/2-1/2"]
[WhiteTitle "GM"]
[BlackTitle "GM"]
[WhiteElo "2422"]
[BlackElo "2469"]
[WhiteFideId "13302639"]
[BlackFideId "13301993"]
[EventDate "2014.07.13"]

1. d4 Nf6 2. Nf3 d5 3. c4 e6 4. Nc3 Bb4 5. cxd5 exd5 6. Bg5 c5 7. e3 Nbd7 8.
Bxf6 Qxf6 9. Bb5 O-O 10. O-O Nb6 11. dxc5 Bxc5 12. Rc1 Rd8 13. Ne2 Bd6 14. Qd4
Qe7 15. Ng3 g6 16. Rfd1 Be6 17. Ne2 Bf5 18. Ng3 Be6 19. Ne2 Bf5 20. Ng3 Be4 21.
Qd2 Bxf3 22. gxf3 Be5 23. f4 Bg7 24. Ne2 Nc4 25. Bxc4 dxc4 26. Qc2 Rxd1+ 27.
Rxd1 Rd8 28. Rxd8+ Qxd8 29. Qxc4 Bxb2 30. Kg2 Qd7 31. Ng3 b5 32. Qc5 Bf6 33. Ne4
Be7 34. Qe5 a5 35. Nc3 b4 36. Nd5 Bd8 37. h3 Qe6 1/2-1/2

[Event "9th Nana Aleksandria Cup"]
[Site "Poti GEO"]
[Date "2014.07.20"]
[Round "9.2"]
[White "Golod, Vitali"]
[Black "Rasulov, Vugar"]
[Result "1-0"]
[WhiteTitle "GM"]
[BlackTitle "GM"]
[WhiteElo "2565"]
[BlackElo "2521"]
[WhiteFideId "2804140"]
[BlackFideId "13402390"]
[EventDate "2014.07.13"]

1. d4 Nf6 2. c4 c5 3. d5 e6 4. Nc3 exd5 5. cxd5 d6 6. e4 g6 7. f4 Bg7 8. Bb5+
Nfd7 9. a4 O-O 10. Nf3 Na6 11. O-O Nb4 12. Re1 a6 13. Bf1 Re8 14. h3 b6 15. Be3
Bb7 16. Bf2 f5 17. exf5 gxf5 18. Nh4 Rxe1 19. Qxe1 Nc2 20. Qe6+ Kh8 21. Nxf5
Nxa1 22. Nxd6 Qf6 23. Qxd7 Qxf4 24. g3 Qf6 25. Nce4 Qxb2 26. Nf7+ Kg8 27. Qe6
Bd4 28. Ne5+ Kh8 29. Qf6+ Kg8 30. Qg5+ Kf8 31. Qh6+ 1-0

[Event "9th Nana Aleksandria Cup"]
[Site "Poti GEO"]
[Date "2014.07.20"]
[Round "9.3"]
[White "Pantsulaia, Levan"]
[Black "Javakhadze, Zurab"]
[Result "1-0"]
[WhiteTitle "GM"]
[BlackTitle "IM"]
[WhiteElo "2591"]
[BlackElo "2428"]
[WhiteFideId "13602071"]
[BlackFideId "13603647"]
[EventDate "2014.07.13"]

1. Nf3 d5 2. g3 Nf6 3. Bg2 c5 4. c4 d4 5. e3 Nc6 6. exd4 cxd4 7. O-O e5 8. d3
Nd7 9. Nbd2 Be7 10. Re1 O-O 11. a3 a5 12. Rb1 Re8 13. Ne4 h6 14. g4 a4 15. Ng3
Bf8 16. Nd2 Nc5 17. Nde4 Nb3 18. Qf3 Ra6 19. Nf5 Ne7 20. Bh3 g5 21. Nd2 Nxd2 22.
Bxd2 Ng6 23. b4 axb3 24. Rxb3 Rf6 25. Qe4 Bxf5 26. gxf5 Nf4 27. Bxf4 gxf4 28.
Qxb7 Qa8 29. Qxa8 Rxa8 30. Rxe5 Rxa3 31. Rxa3 Bxa3 32. Kg2 Rb6 33. Rd5 Rb2 34.
f6 1-0

[Event "9th Nana Aleksandria Cup"]
[Site "Poti GEO"]
[Date "2014.07.20"]
[Round "9.4"]
[White "Bajarani, Ulvi"]
[Black "Benidze, Davit"]
[Result "1-0"]
[WhiteTitle "GM"]
[BlackTitle "GM"]
[WhiteElo "2486"]
[BlackElo "2476"]
[WhiteFideId "13403028"]
[BlackFideId "13603086"]
[EventDate "2014.07.13"]

1. e4 c5 2. Nf3 Nc6 3. d4 cxd4 4. Nxd4 Nf6 5. Nc3 d6 6. Bg5 e6 7. Qd2 Qb6 8. Nb3
Be7 9. O-O-O O-O 10. f4 Rd8 11. Qe1 Rd7 12. Kb1 Qd8 13. Bd3 a6 14. Rg1 Nb4 15.
Be2 b5 16. g4 Bb7 17. a3 Nc6 18. h4 Rc8 19. Bxf6 Bxf6 20. g5 Bxc3 21. Qxc3 e5
22. Bg4 Nd4 23. Qd3 Nxb3 24. cxb3 exf4 25. Ka2 1-0

[Event "9th Nana Aleksandria Cup"]
[Site "Poti GEO"]
[Date "2014.07.20"]
[Round "9.5"]
[White "Alaverdyan, Gevorg"]
[Black "Quparadze, Giga"]
[Result "0-1"]
[WhiteTitle "FM"]
[BlackTitle "IM"]
[WhiteElo "2355"]
[BlackElo "2504"]
[WhiteFideId "13303058"]
[BlackFideId "13602250"]
[EventDate "2014.07.13"]

1. Nf3 Nf6 2. g3 b6 3. d4 Bb7 4. Bg2 c5 5. c4 cxd4 6. Qxd4 g6 7. Nc3 Bg7 8. O-O
d6 9. Rd1 Nbd7 10. b3 O-O 11. Bb2 Ne4 12. Qe3 Nxc3 13. Bxc3 Bxc3 14. Qxc3 Rc8
15. Qe3 Nf6 16. Rd4 Rc5 17. Rh4 Bxf3 18. Bxf3 Qd7 19. Rd1 Qe6 20. Qd2 Rfc8 21.
Rd4 Kg7 22. Kg2 h5 23. Qb2 Qe5 24. R1d3 Qf5 25. Rd5 Rxd5 26. Rxd5 e5 27. Rb5 h4
28. Kg1 Rh8 29. a4 Ng4 30. Bxg4 Qxg4 31. f3 Qg5 32. Kg2 hxg3 33. hxg3 Qh6 34.
Kf2 Qh2+ 35. Ke3 Qxg3 36. Rd5 Rh1 37. Qc2 Rc1 38. Qb2 Qg1+ 39. Kd3 Rd1+ 40. Kc2
Rxd5 41. cxd5 Qc5+ 42. Kb1 Qxd5 43. Qc2 Qc5 44. Qd3 d5 45. Qa6 Qe3 46. Ka2 d4
47. Ka3 Qc1+ 48. Ka2 Qd2+ 49. Ka3 Qa5 50. Qd3 Qc3 51. Qa6 Qa1+ 52. Kb4 Qc1 53.
Qc4 Qxc4+ 54. Kxc4 f5 55. Kd5 Kf6 56. b4 g5 0-1

[Event "9th Nana Aleksandria Cup"]
[Site "Poti GEO"]
[Date "2014.07.20"]
[Round "9.6"]
[White "Andreev, Eduard UKR"]
[Black "Ghukasyan, Siranush"]
[Result "1-0"]
[WhiteTitle "GM"]
[WhiteElo "2493"]
[BlackElo "2019"]
[WhiteFideId "14103400"]
[BlackFideId "13300946"]
[EventDate "2014.07.13"]

1. e4 e5 2. Nf3 Nc6 3. d4 exd4 4. Nxd4 Nf6 5. Nxc6 bxc6 6. e5 Qe7 7. Qe2 Nd5 8.
c4 Nb6 9. Nd2 Qe6 10. b3 Be7 11. Bb2 O-O 12. Qe4 d5 13. exd6 cxd6 14. O-O-O d5
15. Qxe6 Bxe6 16. cxd5 Nxd5 17. Bc4 Rfd8 18. Nf3 Bf5 19. Rhe1 Bd6 20. Be5 Ba3+
21. Bb2 Bd6 22. Ne5 Nb4 23. Bd4 Nc2 24. Nxf7 Bf4+ 25. Kb2 Rxd4 26. Nh6+ Kh8 27.
Nxf5 Nxe1 28. Nxd4 Nxg2 29. Nxc6 Bxh2 30. Nd8 h6 31. b4 Be5+ 32. Kb3 Bf6 33.
Nf7+ Kh7 34. Bd3+ Kg8 35. Bc4 Kh7 36. Bd5 Rf8 37. Be4+ Kg8 38. Bxg2 Kxf7 39.
Rd7+ Kg8 40. Rxa7 Bd4 41. Bd5+ Kh7 42. Be4+ Kg8 43. Rd7 Bxf2 44. a4 Rf6 45. a5
Be1 46. Rd1 Bf2 47. b5 g5 48. Rd7 Rf4 49. Bd5+ Kf8 50. a6 Rf5 51. Kc4 Rf4+ 52.
Kd3 Rf5 53. Bc4 Bc5 54. a7 Rf3+ 55. Ke4 Rf4+ 56. Kd5 Bxa7 57. Rxa7 g4 58. b6 1-0

[Event "9th Nana Aleksandria Cup"]
[Site "Poti GEO"]
[Date "2014.07.20"]
[Round "9.7"]
[White "Gholami, Aryan"]
[Black "Chighladze, Iveri"]
[Result "0-1"]
[WhiteTitle "FM"]
[BlackTitle "IM"]
[WhiteElo "2265"]
[BlackElo "2357"]
[WhiteFideId "12513342"]
[BlackFideId "13602039"]
[EventDate "2014.07.13"]

1. d4 d5 2. Nf3 Nf6 3. Bf4 g6 4. e3 Bg7 5. Be2 O-O 6. O-O c5 7. Nc3 cxd4 8. exd4
Nc6 9. Ne5 Bf5 10. Bf3 Rc8 11. Re1 Re8 12. a3 Nd7 13. Bxd5 Ndxe5 14. Bxe5 Nxe5
15. dxe5 Rc5 16. f4 Qb6 17. Kh1 Rd8 18. Qf3 Bxc2 19. Rac1 Qxb2 20. Na4 Bxa4 21.
Rxc5 Qd2 22. Rec1 b6 23. Rc8 Bf8 24. Bxf7+ Kxf7 25. e6+ Kg7 26. h3 Rxc8 27. Rxc8
Qd1+ 28. Qxd1 Bxd1 29. Ra8 b5 30. Rxa7 Kf6 31. Ra6 Bh6 32. g3 g5 33. Ra5 Ba4 34.
Kg2 gxf4 35. g4 f3+ 36. Kxf3 Bc1 37. Ra6 Bxa3 38. h4 Bd6 39. g5+ Kxe6 40. h5
Bd1+ 0-1

[Event "9th Nana Aleksandria Cup"]
[Site "Poti GEO"]
[Date "2014.07.20"]
[Round "9.8"]
[White "Dilanyan, Grigor"]
[Black "Mgeladze, Tamaz"]
[Result "0-1"]
[WhiteTitle "FM"]
[BlackTitle "FM"]
[WhiteElo "2250"]
[BlackElo "2325"]
[WhiteFideId "13303570"]
[BlackFideId "13601202"]
[EventDate "2014.07.13"]

1. d4 Nf6 2. Nf3 g6 3. c4 Bg7 4. Nc3 O-O 5. e4 d6 6. Be2 e5 7. O-O Nc6 8. d5 Ne7
9. Ne1 Nd7 10. Nd3 f5 11. Bd2 Nf6 12. f3 f4 13. c5 g5 14. cxd6 cxd6 15. Nf2 Rf7
16. Qc2 Bf8 17. Rfc1 Ng6 18. a4 h5 19. h3 g4 20. fxg4 hxg4 21. hxg4 Nh4 22. Qd1
Rg7 23. Be1 Qb6 24. Kf1 Qe3 25. Qd3 Be7 26. Ncd1 Qxd3 27. Bxd3 Bxg4 28. Rc7 Bd7
29. Bb5 Bd8 30. Rxb7 Bxb5+ 31. Rxb5 Nxg2 32. Bb4 a6 33. Bxd6 axb5 34. Bxe5 Rxa4
35. Rc1 Rc4 36. Ra1 Rc8 37. Ra6 Ne3+ 38. Nxe3 fxe3 39. Nh3 Rf7 40. Ng5 Nxe4+ 41.
Nxf7 Kxf7 42. Rc6 Ra8 43. Ke2 Nf6 44. Kxe3 Ng4+ 45. Kd4 Ra4+ 46. b4 Nxe5 47.
Kxe5 Rxb4 48. Rc8 Ke7 49. d6+ Kd7 50. Rb8 Rh4 51. Rb7+ Kc6 52. Rb8 Bb6 53. Rc8+
Kd7 54. Rb8 Rh5+ 55. Ke4 Ba5 56. Ra8 Bb4 0-1

[Event "9th Nana Aleksandria Cup"]
[Site "Poti GEO"]
[Date "2014.07.20"]
[Round "9.9"]
[White "Chkhaidze, Nikoloz"]
[Black "Shahinyan, David"]
[Result "0-1"]
[BlackTitle "FM"]
[WhiteElo "2182"]
[BlackElo "2396"]
[WhiteFideId "13601750"]
[BlackFideId "13304380"]
[EventDate "2014.07.13"]

1. e4 e5 2. Nf3 Nc6 3. Bb5 a6 4. Ba4 Nf6 5. O-O Be7 6. Re1 b5 7. Bb3 O-O 8. h3
d6 9. c3 Na5 10. Bc2 c5 11. d4 Qc7 12. Nbd2 cxd4 13. cxd4 Bb7 14. d5 Rfc8 15.
Bd3 Nc4 16. Nf1 Bd8 17. Ng3 Nb6 18. Nh2 Nbd7 19. Be3 Nc5 20. Rc1 Qd7 21. Bxc5
dxc5 22. Be2 g6 23. Bg4 Nxg4 24. Nxg4 f6 25. Qd2 Qg7 26. Rf1 h5 27. Ne3 Be7 28.
Ne2 c4 29. b3 Ba3 30. Rc2 cxb3 31. axb3 Rxc2 32. Nxc2 Bd6 33. Rc1 Rc8 34. Ne1
Rxc1 35. Qxc1 f5 36. f3 f4 37. Nd3 a5 38. Qa1 Qc7 39. Kf1 b4 40. Qc1 Qb6 41. Nb2
Ba6 42. Nc4 Qc5 43. Ke1 Be7 44. Kd2 Bh4 45. Qc2 a4 46. Nxe5 Qe3+ 47. Kd1 Bxe2+
48. Qxe2 Qxe2+ 49. Kxe2 a3 50. Nxg6 Bd8 51. Nxf4 a2 0-1

[Event "9th Nana Aleksandria Cup"]
[Site "Poti GEO"]
[Date "2014.07.20"]
[Round "9.11"]
[White "Lorparizangeneh, Shahin"]
[Black "Keleptrishvili, Irakli"]
[Result "1/2-1/2"]
[WhiteTitle "FM"]
[WhiteElo "2259"]
[BlackElo "2056"]
[WhiteFideId "12521604"]
[BlackFideId "13605801"]
[EventDate "2014.07.13"]

1. c4 e5 2. Nc3 Bb4 3. Nd5 Be7 4. Nf3 d6 5. d4 c6 6. Nxe7 Qxe7 7. Bg5 Nf6 8. e3
O-O 9. Be2 Nbd7 10. Qc2 Re8 11. O-O Nf8 12. dxe5 dxe5 13. Nd2 h6 14. Bxf6 Qxf6
15. Bd3 Qe7 16. c5 Rd8 17. Rad1 Bg4 18. f3 Be6 19. Ne4 Nd7 20. b3 Nf6 21. Ng3
Rd5 22. b4 Rad8 23. Ne4 Nxe4 24. Bxe4 R5d7 25. Rxd7 Qxd7 26. Qc3 f6 27. a3 Qd2
28. Qxd2 Rxd2 29. Rf2 Rd1+ 30. Rf1 Rd2 31. Rf2 Rd1+ 32. Rf1 Rd2 1/2-1/2

[Event "9th Nana Aleksandria Cup"]
[Site "Poti GEO"]
[Date "2014.07.20"]
[Round "9.12"]
[White "Soysal, Serkan"]
[Black "Khomeriki, Nino"]
[Result "1-0"]
[BlackTitle "WFM"]
[WhiteElo "2198"]
[BlackElo "2101"]
[WhiteFideId "6349250"]
[BlackFideId "13603191"]
[EventDate "2014.07.13"]

1. e4 e5 2. Nf3 Nc6 3. Bb5 Nge7 4. Nc3 g6 5. d4 exd4 6. Nd5 Bg7 7. Bg5 h6 8. Bf6
Bxf6 9. Nxf6+ Kf8 10. Nxd4 Nf5 11. exf5 Qxf6 12. Bxc6 dxc6 13. fxg6 c5 14. Ne2
fxg6 15. Qd5 Kg7 16. O-O-O Re8 17. Nc3 Qxf2 18. Rhf1 Qe3+ 19. Kb1 Bf5 20. Qxb7
Rab8 21. Qxc7+ Kh8 22. Qg3 Qxg3 23. hxg3 Rb4 24. Rfe1 Reb8 25. b3 Rd4 26. Re7 a5
27. Kc1 Rbb4 28. Rde1 Rd8 29. Ra7 Rbd4 30. Rxa5 c4 31. Rae5 cxb3 32. axb3 Kg7
33. Rd1 Kf6 34. Rxd4 Rxd4 35. Re3 Kg5 36. Nd1 h5 37. Nf2 h4 38. gxh4+ Rxh4 39.
Nh3+ Kh5 40. c3 g5 41. Kd2 Bd7 42. Ke2 Kg6 43. Kf2 Rh7 44. Kg3 Rf7 45. c4 Rf1
46. Nf2 Rb1 47. Rc3 Bc6 48. Nd3 Kf5 49. Nb4 Be4 50. Kh2 Rb2 51. Rg3 Bxg2 52.
Rxg2 Rxb3 53. Na2 Ke6 54. Rd2 Rb8 55. Nc3 Rb4 56. Rd4 Rb2+ 57. Kg1 Ke5 58. Rd5+
Ke6 59. Nb5 g4 60. Nd4+ Ke7 61. c5 Rb1+ 62. Kg2 Rc1 63. Kg3 Rg1+ 64. Kf4 g3 65.
Kf3 g2 66. Kf2 Rc1 67. Kxg2 Rc3 68. Kf2 Rc1 69. Ke2 Rc3 70. Kd2 Rc4 71. Kd3 Rc1
72. Nc6+ Ke6 73. Rd6+ Kf5 74. Kd4 Rd1+ 75. Kc4 Rc1+ 76. Kd5 1-0

[Event "9th Nana Aleksandria Cup"]
[Site "Poti GEO"]
[Date "2014.07.20"]
[Round "9.13"]
[White "Babayan, Armine"]
[Black "Makharadze, Jambul"]
[Result "0-1"]
[WhiteElo "2098"]
[BlackElo "2334"]
[WhiteFideId "13304135"]
[BlackFideId "13601369"]
[EventDate "2014.07.13"]

1. e4 c5 2. Nf3 d6 3. d4 cxd4 4. Nxd4 Nf6 5. Nc3 a6 6. Be2 e5 7. Nb3 Be7 8. Be3
Be6 9. Qd2 Nbd7 10. f3 O-O 11. g4 Nb6 12. O-O-O Qc7 13. h4 Rac8 14. h5 d5 15. g5
d4 16. Nxd4 exd4 17. Qxd4 Nfd7 18. h6 f6 19. hxg7 Rf7 20. Rh6 Bc5 21. Qd2 Bxe3
22. Qxe3 Na4 23. Rxh7 Kxh7 24. g6+ Kg8 25. gxf7+ Kxf7 26. g8=Q+ Kxg8 27. Rg1+
Kf7 28. Qh6 Qc5 29. Rg7+ Ke8 30. f4 Qe3+ 31. Kb1 Nxc3+ 32. bxc3 Qxe2 33. Qh8+
Nf8 34. Kb2 Qf3 0-1

[Event "9th Nana Aleksandria Cup"]
[Site "Poti GEO"]
[Date "2014.07.20"]
[Round "9.14"]
[White "Basencyan, Mark"]
[Black "Barseghyan, Harutyun"]
[Result "1/2-1/2"]
[WhiteElo "2170"]
[BlackElo "2108"]
[WhiteFideId "13300725"]
[BlackFideId "13304585"]
[EventDate "2014.07.13"]

1. d4 Nf6 2. c4 c5 3. d5 e6 4. Nc3 exd5 5. cxd5 d6 6. Nf3 g6 7. h3 Bg7 8. e4 O-O
9. Bd3 b5 10. O-O c4 11. Bc2 b4 12. Nb5 a5 13. Bf4 Ne8 14. Nbd4 Ba6 15. Re1 Nd7
16. Nc6 Qc7 17. e5 Nxe5 18. Nfxe5 dxe5 19. Bxe5 Bxe5 20. Rxe5 Nd6 21. Qd4 Rae8
22. Rae1 Rxe5 23. Qxe5 f6 24. Qg3 Re8 25. Rxe8+ Nxe8 26. Qxc7 Nxc7 27. d6 Ne6
28. d7 Bb7 29. Nxa5 Bd5 30. Ba4 Kf8 31. Kf1 c3 32. bxc3 bxc3 33. Bb3 Bxb3 34.
Nxb3 Ke7 35. g3 Nc7 36. Ke2 Kxd7 37. Nc5+ Kc6 38. Ne4 Nd5 39. Kd3 Nb4+ 40. Kxc3
Nxa2+ 41. Kd4 f5 42. Ng5 Kd6 43. Nxh7 Ke6 44. Kc4 Nc1 45. Ng5+ Kf6 46. h4 Ke5
47. Nf3+ Ke4 48. Ng5+ Ke5 49. Nh3 Ne2 50. Kd3 Nc1+ 51. Ke3 Nb3 52. Nf4 Kf6 53.
Nd3 Na5 54. Kd4 Nb3+ 55. Kc3 Na5 56. Kd4 Nb3+ 57. Kd5 Nd2 58. Kd6 Ne4+ 59. Kd7
Kf7 60. Kd8 Kf8 61. Kc7 Kg7 62. Kc6 Kf6 63. Kd5 Nc3+ 64. Kd4 Ne4 65. g4 Nd2 66.
g5+ Kg7 67. Ke3 Nb3 68. h5 gxh5 69. Kf4 h4 70. Kxf5 h3 71. f4 h2 72. Nf2 Nc5 73.
Nh1 Nd3 74. Ke4 Nc5+ 75. Kd5 Nd3 76. f5 Nf4+ 77. Ke5 Nh3 78. g6 Ng1 79. Ke6 Nf3
80. Ng3 Nh4 81. Nh5+ Kh6 82. Ng3 Nxg6 1/2-1/2

[Event "9th Nana Aleksandria Cup"]
[Site "Poti GEO"]
[Date "2014.07.20"]
[Round "9.15"]
[White "Mesropian, Khachatur"]
[Black "Gavasheli, Ana"]
[Result "1/2-1/2"]
[BlackTitle "WIM"]
[WhiteElo "2089"]
[BlackElo "2135"]
[WhiteFideId "13301390"]
[BlackFideId "13602586"]
[EventDate "2014.07.13"]

1. d4 d5 2. c4 e6 3. Nc3 Be7 4. Nf3 Nf6 5. cxd5 exd5 6. Bg5 c6 7. e3 Bf5 8. Bd3
Bxd3 9. Qxd3 O-O 10. O-O Nbd7 11. Rab1 a5 12. a3 Ne4 13. Bxe7 Qxe7 14. Nd2 f5
15. f3 Nxd2 16. Qxd2 b5 17. Rfe1 Nb6 18. Re2 Rad8 19. Rbe1 Qd6 20. Nd1 Nc4 21.
Qc3 a4 22. Nf2 Rf6 23. Nd3 Rh6 24. f4 Re6 25. Ne5 Nxe5 26. dxe5 Qe7 27. Rc1 g5
28. Qd4 Rg6 29. Rec2 Qb7 30. Rc5 Re8 31. Kh1 gxf4 32. exf4 Ree6 33. h3 h5 34.
Qd1 Rh6 35. R1c3 Reg6 36. Qc2 b4 37. Rd3 Qb6 38. Rd4 bxa3 39. bxa3 Rg3 40. Rb4
Qa6 41. Rb8+ Kg7 42. Qf2 Rhg6 43. e6 Rxg2 44. Qd4+ Rf6 45. Rc1 Rg6 46. Qe5 Kh7
47. e7 Qd3 48. Rh8+ Kg7 49. Rg8+ Kh7 50. Rh8+ Kg7 51. Rg8+ Kh7 1/2-1/2

[Event "9th Nana Aleksandria Cup"]
[Site "Poti GEO"]
[Date "2014.07.20"]
[Round "9.16"]
[White "Khazhomia, Salome"]
[Black "Zeynalli, Rashad"]
[Result "0-1"]
[WhiteTitle "WFM"]
[WhiteElo "2128"]
[BlackElo "2093"]
[WhiteFideId "13603230"]
[BlackFideId "13403320"]
[EventDate "2014.07.13"]

1. c4 Nf6 2. Nc3 g6 3. g3 Bg7 4. Bg2 O-O 5. d4 c5 6. dxc5 Qa5 7. Qa4 Qxc5 8. Be3
Qc7 9. Nf3 d6 10. Nb5 Qd8 11. Rd1 Nc6 12. Nfd4 Bd7 13. Nxc6 Bxc6 14. Bxc6 bxc6
15. Nc3 Qc8 16. O-O h6 17. Bd4 e5 18. Be3 Rd8 19. f3 d5 20. Bc5 Nd7 21. Qa3 Nxc5
22. Qxc5 d4 23. Na4 Qe6 24. b3 e4 25. f4 d3 26. e3 f5 27. Qa3 a5 28. Qc1 Rdb8
29. Qd2 Qe7 30. Qg2 h5 31. h3 Kf7 32. Rd2 Rb4 33. Rc1 Rab8 34. Qf2 Bf6 35. Qe1
Qa7 36. Qf2 Be7 37. Nc3 Bc5 38. Re1 R4b7 39. Kg2 Bb4 40. Na4 Rd7 41. Rh1 Bxd2
42. Qxd2 Rdd8 43. Kf2 Rb4 44. Nc3 Qe7 45. Rc1 Rb7 46. h4 Qb4 47. Ke1 Ra8 48. Na4
Qxd2+ 49. Kxd2 Rb4 50. Rd1 Rab8 51. Kc3 Ke7 52. Nc5 R4b6 53. Na4 Ra6 54. Nc5 Ra7
55. Na4 Kd6 56. Rc1 Rb4 57. Rd1 Rxa4 58. bxa4 Rb7 59. a3 Kc5 60. Rc1 Rb8 61. Rd1
Rb7 62. Rc1 d2 63. Kxd2 Rb2+ 64. Kc3 Re2 65. Rg1 Rxe3+ 66. Kb2 Kxc4 67. Rc1+ Kd5
68. Rg1 c5 69. Rg2 c4 70. Rg1 Kd4 71. Rd1+ Rd3 72. Rg1 Rd2+ 73. Kc1 e3 74. g4
hxg4 75. h5 gxh5 0-1

[Event "9th Nana Aleksandria Cup"]
[Site "Poti GEO"]
[Date "2014.07.20"]
[Round "9.17"]
[White "Mohammed, Arpak Worya"]
[Black "Beradze, Irakli"]
[Result "0-1"]
[WhiteTitle "CM"]
[WhiteElo "2175"]
[BlackElo "2379"]
[WhiteFideId "4800060"]
[BlackFideId "13604597"]
[EventDate "2014.07.13"]

1. d4 Nf6 2. Nf3 g6 3. c4 Bg7 4. g3 O-O 5. Bg2 d6 6. Nc3 Nc6 7. O-O a6 8. d5 Na5
9. Qd3 c5 10. e4 Nd7 11. Bf4 b5 12. Nd2 Nb6 13. b3 Bd7 14. Rae1 Rb8 15. Rb1 Qc7
16. h3 Na8 17. Bg5 Rfe8 18. f4 bxc4 19. bxc4 h6 20. Bh4 Rb4 21. a3 Rxb1 22. Rxb1
Kf8 23. e5 dxe5 24. Bxe7+ Kxe7 25. d6+ Qxd6 26. Nd5+ Kf8 27. Ne4 Qc6 28. Qc3 Nb7
29. fxe5 Bxe5 30. Qd2 Kg7 31. Kh2 Bf5 32. Nef6 Bxf6 33. Nxf6 Qxf6 34. Rxb7 Nb6
35. Ra7 Nxc4 36. Qd5 Ne3 0-1

[Event "9th Nana Aleksandria Cup"]
[Site "Poti GEO"]
[Date "2014.07.20"]
[Round "9.18"]
[White "Mikadze, Miranda"]
[Black "Patsia, Zviad"]
[Result "1/2-1/2"]
[WhiteTitle "WIM"]
[WhiteElo "2240"]
[BlackElo "2117"]
[WhiteFideId "13603108"]
[BlackFideId "13603485"]
[EventDate "2014.07.13"]

1. e4 Nf6 2. e5 Nd5 3. c4 Nb6 4. c5 Nd5 5. Bc4 e6 6. d4 b6 7. cxb6 axb6 8. Nf3
Ba6 9. Bxa6 Rxa6 10. O-O Nc6 11. Qd3 Ncb4 12. Qb3 Qa8 13. a3 Nc6 14. Nc3 Na5 15.
Qc2 Nxc3 16. Qxc3 Qc6 17. Qd3 Qc4 18. Qe4 Qd5 19. Qg4 Nb3 20. Rb1 Ra4 21. Rd1 c5
22. Be3 cxd4 23. Nxd4 Qxe5 24. Nf3 Qb5 25. Qg3 d6 26. Rxd6 Bxd6 27. Qxd6 Qd5 28.
Qb8+ Qd8 29. Qe5 Qd3 30. Qb8+ Qd8 31. Qe5 Qd3 32. Qb8+ Qd8 33. Qe5 Qd3 34. Qb8+
Qd8 1/2-1/2

[Event "9th Nana Aleksandria Cup"]
[Site "Poti GEO"]
[Date "2014.07.20"]
[Round "9.19"]
[White "Metin, Oguz"]
[Black "Matevosyan, Sedrak"]
[Result "1-0"]
[WhiteElo "2074"]
[BlackElo "2215"]
[WhiteFideId "6307850"]
[BlackFideId "13302035"]
[EventDate "2014.07.13"]

1. d4 Nf6 2. Nf3 e6 3. c4 b6 4. e3 Bb7 5. Bd3 Be7 6. O-O c5 7. Nc3 cxd4 8. exd4
O-O 9. d5 Na6 10. Bf4 exd5 11. cxd5 d6 12. Re1 Nb4 13. Bc4 Rc8 14. Bb3 Rc5 15.
Na4 Rc7 16. Nc3 Ba6 17. Re3 Ng4 18. Re4 Nd3 19. Bg3 f5 20. Rxg4 fxg4 21. Nd4 Bh4
22. Qxg4 Bxg3 23. Qxg3 Qf6 24. Ne6 Rxc3 25. bxc3 Qxc3 26. Rd1 Rxf2 27. Qxd6 h6
28. h3 Qf6 29. Qd8+ Qxd8 30. Nxd8 Rf6 31. d6+ Kh7 32. Ne6 Bb5 33. Rxd3 1-0

[Event "9th Nana Aleksandria Cup"]
[Site "Poti GEO"]
[Date "2014.07.20"]
[Round "9.20"]
[White "Vakhania, Alexandra"]
[Black "Imnadze, Nato"]
[Result "0-1"]
[BlackTitle "WFM"]
[WhiteElo "2183"]
[BlackElo "2101"]
[WhiteFideId "13602560"]
[BlackFideId "13600974"]
[EventDate "2014.07.13"]

1. Nf3 d5 2. d4 c6 3. Bf4 Nf6 4. e3 e6 5. Bd3 c5 6. c3 Nc6 7. Nbd2 Be7 8. h3 O-O
9. Qe2 b6 10. Ne5 Bb7 11. g4 Nxe5 12. dxe5 Nd7 13. O-O-O c4 14. Bc2 b5 15. h4
Qa5 16. g5 Qxa2 17. Ne4 b4 18. Bb1 Qa4 19. Nf6+ Bxf6 20. gxf6 g6 21. h5 Nc5 22.
Kd2 bxc3+ 23. bxc3 d4 24. exd4 Nb3+ 25. Ke3 Qa5 26. Qb2 Bxh1 27. Rxh1 Rab8 28.
hxg6 fxg6 29. f3 Nxd4 30. Qd2 Nb3 31. Qc2 Na1 32. Qd2 Rb3 33. Ba2 Rxc3+ 34. Ke4
Nb3 35. Bxb3 cxb3 36. Bh6 Qb4+ 37. Qd4 Qxd4+ 38. Kxd4 Rfc8 0-1